Các cơ quan chính phủ và chương trình sắp xếp doanh nghiệp nhà

Gorde:
Xehetasun bibliografikoak
Egile nagusia: Nguyễn Mạnh Hùng
Formatua: Liburua
Hizkuntza:Vietnamese
Argitaratua: Thống kê 2004
Etiketak: Etiketa erantsi
Etiketarik gabe, Izan zaitez lehena erregistro honi etiketa jartzen!
Thư viện lưu trữ: Mạng thư viện Đại học Đà Nẵng
LEADER 00756nam a2200265 4500
001 000020689
003 17136
005 20150604160613.0
008 150325s2004 viesd
020 |c 150000 
041 0 |a vie 
082 1 4 |a 351.597  |b 351.597 
100 1 |a Nguyễn Mạnh Hùng 
245 1 0 |a Các cơ quan chính phủ và chương trình sắp xếp doanh nghiệp nhà  |c Nguyễn Mạnh Hùng 
246 |a Government agencies and state businesses renovation programs 
260 |b Thống kê  |c 2004 
300 |a tr.  |c cm. 
OWN |a LSP 
999 |a From the UDN01 
TYP |a Monograph 
TYP |a Printed language 
980 |a Mạng thư viện Đại học Đà Nẵng